Širokopásmový predzosilňovač
Saved in:
| Main Author: | |
|---|---|
| Other Authors: | |
| Format: | Manuscript Book |
| Language: | Slovak |
| Published: |
Bratislava :
STU v Bratislave FEI,
2024
|
| Subjects: | |
| Online Access: | https://opac.crzp.sk/?fn=detailBiblioFormChildU1H7MM&sid=ACFB8EE4E98483452D48B506A168&seo=CRZP-detail-kniha |
| Tags: |
No Tags, Be the first to tag this record!
|
MARC
| LEADER | 00000ntm a22000003a 4500 | ||
|---|---|---|---|
| 001 | stuzp98432 | ||
| 003 | SK-STU | ||
| 005 | 20250327134630.3 | ||
| 007 | ta | ||
| 008 | 150427s2015----xo-----f-mn---000-0-slo-d | ||
| 040 | |a STU |b slo | ||
| 041 | 0 | |a slo | |
| 044 | |a xo | ||
| 100 | 1 | |a Chrenek, Samuel Enrique |u 034000 |4 aut |U FEI Fakulta elektrotechniky a informatiky |T FEI Ústav elektrotechniky |X 115147 |U E040 |Y 550 |7 115147 | |
| 242 | 0 | 1 | |a Broadband amplifier |y eng |
| 245 | 1 | 0 | |a Širokopásmový predzosilňovač |
| 260 | |a Bratislava : |b STU v Bratislave FEI, |c 2024 | ||
| 300 | |a 60 s. | ||
| 650 | 4 | |a širokopásmový predzosilňovač |2 slo | |
| 650 | 4 | |a hornopriepustný filter |2 slo | |
| 650 | 4 | |a Barkhausenov šum |2 slo | |
| 650 | 4 | |a arduino uno rev3 |2 slo | |
| 650 | 4 | |a dolnopriepustný filter |2 slo | |
| 650 | 4 | |a broadband preamplifier |2 eng | |
| 650 | 4 | |a high-pass filter |2 eng | |
| 650 | 4 | |a low-pass filter |2 eng | |
| 650 | 4 | |a Barkhausen noise |2 eng | |
| 650 | 4 | |a arduino uno rev3 |2 eng | |
| 700 | 1 | |a Jančárik, Vladimír |u 034000 |k Z1 |4 ths |U FEI Fakulta elektrotechniky a informatiky |T FEI Ústav elektrotechniky |X 1862 |U E040 |Y 550 |7 A000001862 | |
| 856 | 4 | |u https://opac.crzp.sk/?fn=detailBiblioFormChildU1H7MM&sid=ACFB8EE4E98483452D48B506A168&seo=CRZP-detail-kniha | |